000 00621nam a2200229Ia 4500
003 0100
008 130303s9999 xx 000 0 und d
040 _cARRUPELIB
050 _aDA566.L99 2001
100 _aLynch, Michael
245 3 _aAn introduction to modern British history, 1900-1999
260 _aLondon
260 _bHodder Murray
260 _C2001
300 _ax
300 _b 262p. 25 cm.
440 _aAccess to history
650 _bSpanish poetry - Translations into English
650 _cSpanish poetry - History and criticism
650 _dPoets, Spanish - Biography
942 _2lcc
_01
999 _c58744
_d58744